[Event "Voivoda Cup IM"]
[Site "Legnica POL"]
[Date "2026.05.15"]
[Round "9"]
[White "Golubka, Petro"]
[Black "Cech, Pavel"]
[Result "1/2-1/2"]
[WhiteElo "2336"]
[BlackElo "2325"]
[WhiteFideId "-1"]
[BlackFideId "-1"]
[PlyCount "59"]
[GameId "2311222006182344"]
[EventDate "2026.05.09"]
[EventType "tourn"]
[EventRounds "9"]
[EventCountry "POL"]
[SourceTitle "Mega2026 Update 29"]
[Source "Chessbase"]
[SourceDate "2026.05.22"]
[SourceVersion "1"]
[SourceVersionDate "2026.05.22"]
[SourceQuality "1"]

1. e4 e6 2. d4 d5 3. e5 c5 4. c3 Nc6 5. Nf3 Bd7 6. Be2 Nge7 7. O-O Ng6 {7...Nf5 is more fashionable. 7...Sf5 ist modischer.} 8. g3 f6 9. exf6 Qxf6 10. Bg5 Qf7 11. Be3 cxd4 12. cxd4 Bd6 13. Ng5 Qf6 14. f4 $146 (14. Nc3 O-O 15. Nge4 dxe4 16. Nxe4 Qf5 17. Nxd6 Qd5 18. Nxb7 Nxd4 19. Qxd4 Qxb7 20. Rfc1 {1-0 Costa,L (2547)-Yao,L (2307) Palmanova op 14th 2025 (4)}) 14... Nge7 15. Nf3 Nf5 16. Qd2 Rc8 17. Nc3 O-O 18. Bf2 Qh6 19. Rfe1 Be8 20. Kg2 Bh5 21. Ng5 Bxe2 22. Rxe2 Nd8 23. Rae1 Rf6 24. a3 Qh5 25. h3 Qg6 26. Nf3 Nxg3 27. Nh4 Nxe2+ 28. Nxg6 Rxg6+ 29. Kh1 Nxf4 30. Nb5 1/2-1/2

[Event "4NCL Easter IM"]
[Site "Daventry ENG"]
[Date "2026.04.01"]
[Round "1"]
[White "Golubka, Petro"]
[Black "Vaidyanathan, Adithya"]
[Result "0-1"]
[WhiteElo "2348"]
[BlackElo "2310"]
[WhiteFideId "-1"]
[BlackFideId "-1"]
[PlyCount "50"]
[GameId "2296110479007142"]
[EventDate "2026.04.01"]
[EventType "tourn"]
[EventRounds "9"]
[EventCountry "ENG"]
[EventCategory "2"]
[SourceTitle "Mega2026 Update 23"]
[Source "Chessbase"]
[SourceDate "2026.04.09"]
[SourceVersion "1"]
[SourceVersionDate "2026.04.09"]
[SourceQuality "1"]

1. e4 c5 2. b3 g6 3. Bb2 Nf6 4. e5 Nd5 5. Qf3 e6 6. Na3 Nc6 7. Qg3 a6 8. Nf3 Bg7 9. h4 h5 10. Nc4 O-O 11. O-O-O Nce7 12. Qh3 f5 13. Ng5 b5 14. Nd6 Qb6 15. d4 cxd4 16. Bxd4 Qa5 17. Be2 Qxa2 18. Bb2 Nb4 19. f4 Ra7 20. Rd2 Rc7 21. Bxh5 gxh5 22. Qf3 Bh6 23. Qxh5 Qxb3 24. Qe2 Na2+ 25. Kd1 Nc3+ 0-1

[Event "4NCL Easter IM"]
[Site "Daventry ENG"]
[Date "2026.04.01"]
[Round "2"]
[White "Golubka, Petro"]
[Black "Deepak Ambattu, Rithvik"]
[Result "1-0"]
[WhiteElo "2348"]
[BlackElo "2153"]
[WhiteFideId "-1"]
[BlackFideId "-1"]
[PlyCount "101"]
[GameId "2296110479011247"]
[EventDate "2026.04.01"]
[EventType "tourn"]
[EventRounds "9"]
[EventCountry "ENG"]
[EventCategory "2"]
[SourceTitle "Mega2026 Update 23"]
[Source "Chessbase"]
[SourceDate "2026.04.09"]
[SourceVersion "1"]
[SourceVersionDate "2026.04.09"]
[SourceQuality "1"]

1. e4 e5 2. Nf3 Nc6 3. Bc4 Bc5 4. Nc3 Nf6 5. d3 h6 6. h3 d6 7. Na4 Bb6 8. a3 {is now debated instead of 8.Nxb6. wird nun anstelle von 8.Sxb6 disktutiert.} O-O 9. b4 Be6 10. Bxe6 fxe6 11. c4 Nd4 12. Nxb6 Nxf3+ 13. Qxf3 axb6 14. Qe2 Qe8 15. O-O Nh5 16. g3 Qg6 17. Qg4 Rf6 $146 (17... Kh7 18. a4 Ra6 19. Qxg6+ Kxg6 20. Be3 Nf6 21. a5 bxa5 22. bxa5 Rfa8 23. Rab1 Rxa5 24. Rxb7 {½-½ Barbosa,E (2481)-Do Valle Cardoso,L (2162) Niteroi op 2nd 2022 (3)}) 18. Qxg6 Rxg6 19. Kh2 d5 20. exd5 exd5 21. Re1 e4 22. dxe4 dxc4 23. e5 Re6 24. f4 Nf6 25. Rd1 Ne8 26. Bb2 Rc6 27. Bc3 b5 28. f5 Rca6 29. Bb2 c3 30. Bxc3 Rxa3 31. g4 Rxa1 32. Bxa1 Kf8 33. Bd4 b6 34. e6 Ke7 35. Be5 Rd8 36. Rxd8 Kxd8 37. h4 c5 38. g5 hxg5 39. h5 g4 40. Bxg7 g3+ 41. Kg1 Nxg7 42. h6 Nxf5 43. h7 Ke7 44. h8=Q Kxe6 45. Qc8+ Ke5 46. bxc5 bxc5 47. Qxc5+ Kf4 48. Qxb5 Ne3 49. Qb8+ Kf3 50. Qe5 g2 51. Qg5 1-0

[Event "4NCL Easter IM"]
[Site "Daventry ENG"]
[Date "2026.04.02"]
[Round "3"]
[White "Dupuis, Denis K"]
[Black "Golubka, Petro"]
[Result "0-1"]
[WhiteElo "2116"]
[BlackElo "2348"]
[WhiteFideId "-1"]
[BlackFideId "-1"]
[PlyCount "102"]
[GameId "2296110479011249"]
[EventDate "2026.04.01"]
[EventType "tourn"]
[EventRounds "9"]
[EventCountry "ENG"]
[EventCategory "2"]
[SourceTitle "Mega2026 Update 23"]
[Source "Chessbase"]
[SourceDate "2026.04.09"]
[SourceVersion "1"]
[SourceVersionDate "2026.04.09"]
[SourceQuality "1"]

1. e4 c5 2. Nc3 Nc6 3. Bb5 Na5 4. Be2 a6 5. Nf3 e6 6. a4 Qc7 7. O-O Nf6 8. Re1 d6 9. d4 cxd4 10. Qxd4 Nc6 11. Qc4 Be7 12. Bg5 h6 13. Bh4 Qb6 14. Rab1 g5 15. Bg3 Nh5 16. b4 Nxg3 17. hxg3 g4 18. a5 Qa7 19. Nd2 Ne5 20. Qb3 b5 21. axb6 Qxb6 22. Na4 Qa7 23. Nb2 h5 24. Nbc4 Nc6 25. Qc3 O-O 26. e5 d5 27. Nd6 Bd7 28. b5 Qd4 29. Qxd4 Nxd4 30. bxa6 Nxe2+ 31. Rxe2 Rxa6 32. Rb7 Rd8 33. Nb5 Bxb5 34. Rxb5 Rc8 35. Nb3 Ra2 36. Nd4 Bc5 37. Nb3 Ba7 38. Ra5 Rxa5 39. Nxa5 h4 40. Kh2 Rc3 41. Nb7 Bxf2 42. gxh4 Bxh4 43. g3 Bxg3+ 44. Kg2 Bf4 45. Nd6 f6 46. exf6 Bxd6 47. Rxe6 Rxc2+ 48. Kg1 Bf4 49. Re7 Kf8 50. Rg7 g3 51. Re7 d4 0-1

[Event "4NCL Easter IM"]
[Site "Daventry ENG"]
[Date "2026.04.02"]
[Round "4"]
[White "Golubka, Petro"]
[Black "Badacsonyi, Stanley Ethan Artie"]
[Result "1/2-1/2"]
[WhiteElo "2348"]
[BlackElo "2288"]
[WhiteFideId "-1"]
[BlackFideId "-1"]
[PlyCount "40"]
[GameId "2296110479015352"]
[EventDate "2026.04.01"]
[EventType "tourn"]
[EventRounds "9"]
[EventCountry "ENG"]
[EventCategory "2"]
[SourceTitle "Mega2026 Update 23"]
[Source "Chessbase"]
[SourceDate "2026.04.09"]
[SourceVersion "1"]
[SourceVersionDate "2026.04.09"]
[SourceQuality "1"]

1. e4 e6 2. Qe2 c5 3. b3 Nc6 4. Bb2 Nf6 5. f4 Qc7 6. Nh3 b6 7. Na3 a6 8. c3 Bb7 9. Rg1 d5 10. e5 Nd7 11. Nc2 Be7 12. d4 a5 13. a4 cxd4 14. cxd4 Ba6 15. Qd1 Qb7 16. Bxa6 Qxa6 17. Qe2 Ndb8 18. f5 Qxe2+ 19. Kxe2 Na6 20. Rgf1 Rb8 1/2-1/2

[Event "4NCL Easter IM"]
[Site "Daventry ENG"]
[Date "2026.04.03"]
[Round "5"]
[White "Zwardon, Vojtech"]
[Black "Golubka, Petro"]
[Result "1-0"]
[WhiteElo "2438"]
[BlackElo "2348"]
[WhiteFideId "-1"]
[BlackFideId "-1"]
[PlyCount "58"]
[GameId "2296110479015356"]
[EventDate "2026.04.01"]
[EventType "tourn"]
[EventRounds "9"]
[EventCountry "ENG"]
[EventCategory "2"]
[SourceTitle "Mega2026 Update 23"]
[Source "Chessbase"]
[SourceDate "2026.04.09"]
[SourceVersion "1"]
[SourceVersionDate "2026.04.09"]
[SourceQuality "1"]

1. c4 c5 2. g3 g6 3. Bg2 Bg7 4. Nc3 Nc6 5. a3 d6 6. Rb1 Bxc3 7. bxc3 Nf6 8. h3 Qc7 9. d3 h6 10. Bd2 b6 11. Nf3 Bb7 12. O-O Ne5 13. Nxe5 dxe5 14. Qa4+ Kf8 15. e4 Bc6 16. Qc2 Qd7 17. Rbe1 Rd8 18. Re3 g5 19. Bc1 Ba4 20. Qe2 Qc7 21. f4 exf4 22. gxf4 gxf4 23. Ref3 Nh5 24. Bxf4 Nxf4 25. Rxf4 Be8 26. e5 e6 27. d4 cxd4 28. cxd4 Rg8 29. Qh5 Qxc4 1-0

[Event "4NCL Easter IM"]
[Site "Daventry ENG"]
[Date "2026.04.04"]
[Round "7"]
[White "Avadhoot, Lokesh Bhakti Brahm"]
[Black "Golubka, Petro"]
[Result "0-1"]
[WhiteElo "2202"]
[BlackElo "2348"]
[WhiteFideId "-1"]
[BlackFideId "-1"]
[PlyCount "80"]
[GameId "2296110479019463"]
[EventDate "2026.04.01"]
[EventType "tourn"]
[EventRounds "9"]
[EventCountry "ENG"]
[EventCategory "2"]
[SourceTitle "Mega2026 Update 23"]
[Source "Chessbase"]
[SourceDate "2026.04.09"]
[SourceVersion "1"]
[SourceVersionDate "2026.04.09"]
[SourceQuality "1"]

1. e4 c6 2. d4 d5 3. e5 Bf5 4. Nd2 e6 5. Nb3 Nd7 6. Be3 a5 7. a4 Ne7 8. Be2 f6 9. f4 Qc7 10. Nf3 h5 11. O-O h4 12. h3 Ng6 13. Bd3 Be4 14. Qe2 Be7 15. Bxe4 dxe4 16. Nfd2 f5 17. c4 O-O 18. Rfd1 Rfd8 19. d5 Ndxe5 20. fxe5 Qxe5 21. Bd4 Qg3 22. Be3 cxd5 23. cxd5 Rxd5 24. Nf1 Qe5 25. Qh5 Qf6 26. Rxd5 exd5 27. Rd1 Rd8 28. Bd4 Qe6 29. Ne3 Nf4 30. Qxf5 Ne2+ 31. Kh2 Bd6+ 32. g3 hxg3+ 33. Kh1 Qh6 34. Qxd5+ Kh8 35. Bxg7+ Qxg7 36. Qh5+ Qh7 37. Qxh7+ Kxh7 38. Nf5 Rf8 39. Nbd4 Be5 40. Rd2 Bxd4 0-1

[Event "4NCL Easter IM"]
[Site "Daventry ENG"]
[Date "2026.04.05"]
[Round "8"]
[White "Golubka, Petro"]
[Black "Khoury, Theo"]
[Result "1/2-1/2"]
[WhiteElo "2348"]
[BlackElo "2263"]
[WhiteFideId "-1"]
[BlackFideId "-1"]
[PlyCount "136"]
[GameId "2296110479019466"]
[EventDate "2026.04.01"]
[EventType "tourn"]
[EventRounds "9"]
[EventCountry "ENG"]
[EventCategory "2"]
[SourceTitle "Mega2026 Update 23"]
[Source "Chessbase"]
[SourceDate "2026.04.09"]
[SourceVersion "1"]
[SourceVersionDate "2026.04.09"]
[SourceQuality "1"]

1. e4 c5 2. Nf3 d6 3. d4 cxd4 4. Qxd4 Nc6 5. Bb5 Bd7 6. Bxc6 Bxc6 7. Nc3 Nf6 8. Bg5 e6 9. O-O-O Be7 10. Kb1 h6 11. Bh4 O-O 12. Rhe1 b5 13. e5 dxe5 14. Nxe5 Qxd4 15. Rxd4 Be8 16. Ng4 Bc6 17. Ne5 Be8 18. f4 Bc5 19. Rdd1 b4 20. Ne4 Nxe4 21. Rxe4 f6 22. Nd3 Rd8 23. Kc1 Bh5 24. Rde1 Bd6 25. Rxe6 Bg4 26. R6e3 Bf5 27. Rf1 a5 28. Be1 Rf7 29. h3 Rc7 30. Rff3 h5 31. Bd2 Rc4 32. c3 Bb8 33. b3 Rc7 34. Nb2 Ba7 35. Re2 Bd4 36. Nc4 Bc5 37. Be3 Be4 38. Rff2 Rcd7 39. Nd2 Rd3 40. Bxc5 Rxc3+ 41. Kd1 Bc2+ 42. Ke1 Bd3 43. Ne4 Bxe4 44. Rxe4 Rc1+ 45. Ke2 Rxc5 46. Kf3 Rd3+ 47. Re3 Rd4 48. g3 Kh7 49. Rfe2 Rc1 50. Re7 Rd3+ 51. R7e3 Rdd1 52. g4 Rf1+ 53. Ke4 Rcd1 54. Kf5 Rd4 55. Re4 Rd5+ 56. Ke6 Rfd1 57. Kf7 f5 58. Re5 Rd7+ 59. Ke6 hxg4 60. Kxf5 gxh3 61. Kg4 Rf7 62. Rh5+ Kg8 63. Re8+ Rf8 64. Rxf8+ Kxf8 65. Rf5+ Ke7 66. Kxh3 a4 67. bxa4 Rd3+ 68. Kg4 Ra3 1/2-1/2

[Event "4NCL Easter IM"]
[Site "Daventry ENG"]
[Date "2026.04.06"]
[Round "9"]
[White "Turner, Max N"]
[Black "Golubka, Petro"]
[Result "1-0"]
[WhiteElo "2278"]
[BlackElo "2348"]
[WhiteFideId "-1"]
[BlackFideId "-1"]
[PlyCount "145"]
[GameId "2296110479023570"]
[EventDate "2026.04.01"]
[EventType "tourn"]
[EventRounds "9"]
[EventCountry "ENG"]
[EventCategory "2"]
[SourceTitle "Mega2026 Update 23"]
[Source "Chessbase"]
[SourceDate "2026.04.09"]
[SourceVersion "1"]
[SourceVersionDate "2026.04.09"]
[SourceQuality "1"]

1. d4 d5 2. c4 c6 3. Nf3 Nf6 4. Nc3 e6 5. e3 Nbd7 6. Qc2 Bd6 7. Bd3 O-O 8. O-O e5 9. cxd5 cxd5 10. e4 exd4 11. Nxd5 Nxd5 12. exd5 Nf6 13. Nxd4 h6 14. Rd1 Nxd5 15. Bc4 Nb6 16. Be2 Qf6 17. Bf3 Be5 18. Be3 Bd7 19. a4 Rac8 20. Qb3 a5 21. Ne2 Bxa4 22. Rxa4 Nxa4 23. Qxa4 Bxb2 24. Qxa5 Rfd8 25. Rb1 Be5 26. Ng3 Ra8 27. Qb5 Bxg3 28. hxg3 Ra1 29. Qxb7 Rxb1+ 30. Qxb1 Qe5 31. Qe4 Qxe4 32. Bxe4 Rd1+ 33. Kh2 Re1 34. g4 Ra1 35. Kg3 Ra4 36. Bf5 Ra3 37. Kf3 Ra4 38. Be4 Rb4 39. Bd5 Ra4 40. g3 Rb4 41. Be4 Ra4 42. Bf5 Rb4 43. Bd7 Rc4 44. g5 hxg5 45. Bxg5 Rd4 46. Bc6 Rc4 47. Be4 Rd4 48. Be3 Rb4 49. Kf4 Ra4 50. Ke5 Rb4 51. g4 Ra4 52. f3 Ra6 53. Bd5 Ra5 54. Bb6 Rb5 55. Bc7 Rc5 56. Bd6 Ra5 57. Be7 Rb5 58. Kd6 Rb6+ 59. Kd7 Rb5 60. Bc4 Rb8 61. Bd6 Ra8 62. Be7 g6 63. g5 Kg7 64. Bd8 Kf8 65. Bd5 Ra7+ 66. Kd6 Ra6+ 67. Bc6 Ra7 68. f4 Ra6 69. Be7+ Kg8 70. Kd7 Ra1 71. Ke8 Rb1 72. Bd5 Rb8+ 73. Bd8 1-0

[Event "4NCL Easter op Blitz"]
[Site "Daventry ENG"]
[Date "2026.04.04"]
[Round "1"]
[White "V, Krish"]
[Black "Golubka, Petro"]
[Result "0-1"]
[WhiteElo "1819"]
[BlackElo "2455"]
[WhiteFideId "-1"]
[BlackFideId "-1"]
[PlyCount "106"]
[GameId "2295338814230528"]
[EventDate "2026.04.04"]
[EventType "swiss (blitz)"]
[EventRounds "9"]
[EventCountry "ENG"]
[SourceTitle "Mega2026 Update 23"]
[Source "Chessbase"]
[SourceDate "2026.04.09"]
[SourceVersion "1"]
[SourceVersionDate "2026.04.09"]
[SourceQuality "1"]

1. e4 c5 2. Nf3 d6 3. d4 cxd4 4. Nxd4 Nf6 5. Nc3 a6 6. Be3 e5 7. Nb3 Be6 8. Bd3 Nbd7 9. a4 Rc8 10. O-O Be7 11. a5 O-O 12. Na4 Rc6 13. f4 Bxb3 14. cxb3 Qxa5 15. Nc5 Qc7 16. Nxd7 Nxd7 17. fxe5 Nxe5 18. Bd4 Bf6 19. Bc3 Nxd3 20. Bxf6 Qb6+ 21. Kh1 Nf2+ 22. Rxf2 Qxf2 23. Bd4 Qc2 24. Qg4 f6 25. Qe6+ Kh8 26. Rf1 Qd3 27. Re1 Qxd4 28. Qe7 Rcc8 29. Qxb7 Qd2 30. Rg1 Rc1 31. h3 Rxg1+ 32. Kxg1 Qd4+ 33. Kh2 Qe5+ 34. Kg1 Re8 35. Qd7 h6 36. Qg4 a5 37. Qf3 Qxe4 38. Qxe4 Rxe4 39. Kf2 f5 40. Kf3 g6 41. g4 Rb4 42. gxf5 gxf5 43. Ke3 d5 44. Kd3 f4 45. Kc3 Kg7 46. Kd3 Kf6 47. Kc3 f3 48. Kd3 Re4 49. Kd2 f2 50. b4 f1=Q 51. bxa5 Qc4 52. a6 Re2+ 53. Kd1 Qc2# 0-1

[Event "4NCL Easter op Blitz"]
[Site "Daventry ENG"]
[Date "2026.04.04"]
[Round "3"]
[White "Baer, Bruce L"]
[Black "Golubka, Petro"]
[Result "0-1"]
[WhiteElo "1935"]
[BlackElo "2455"]
[WhiteFideId "-1"]
[BlackFideId "-1"]
[PlyCount "64"]
[GameId "2295293478014976"]
[EventDate "2026.04.04"]
[EventType "swiss (blitz)"]
[EventRounds "9"]
[EventCountry "ENG"]
[SourceTitle "Mega2026 Update 23"]
[Source "Chessbase"]
[SourceDate "2026.04.09"]
[SourceVersion "1"]
[SourceVersionDate "2026.04.09"]
[SourceQuality "1"]

1. Nf3 e6 2. d3 b6 3. g3 c5 4. Bg2 Nc6 5. e4 Bb7 6. O-O d6 7. Nc3 Be7 8. Re1 a6 9. a4 Nf6 10. h4 h6 11. e5 dxe5 12. Nxe5 Rc8 13. h5 O-O 14. Bf4 Re8 15. g4 Nxe5 16. Bxe5 Bxg2 17. Kxg2 c4 18. d4 b5 19. axb5 axb5 20. Qf3 b4 21. Ne4 c3 22. b3 Nd5 23. Ra7 Rf8 24. Rea1 Rc6 25. Rb7 f6 26. Bg3 f5 27. Raa7 fxe4 28. Qxe4 Rb6 29. Rxe7 Nxe7 30. Bc7 Qd5 31. Qxd5 Nxd5 32. Be5 Nf6 0-1

[Event "4NCL Easter op Blitz"]
[Site "Daventry ENG"]
[Date "2026.04.04"]
[Round "4"]
[White "Golubka, Petro"]
[Black "Akeya Price, Robert A"]
[Result "1-0"]
[WhiteElo "2455"]
[BlackElo "1825"]
[WhiteFideId "-1"]
[BlackFideId "-1"]
[PlyCount "77"]
[GameId "2295296275640320"]
[EventDate "2026.04.04"]
[EventType "swiss (blitz)"]
[EventRounds "9"]
[EventCountry "ENG"]
[SourceTitle "Mega2026 Update 23"]
[Source "Chessbase"]
[SourceDate "2026.04.09"]
[SourceVersion "1"]
[SourceVersionDate "2026.04.09"]
[SourceQuality "1"]

1. e4 c6 2. d4 d5 3. e5 c5 4. Nf3 Nc6 5. dxc5 Bg4 6. c3 e6 7. Be3 Bxf3 8. Qxf3 Nxe5 9. Bb5+ Nc6 10. Nd2 {10.c4 is becoming the main line. 10.c4 wird zur Hauptvariante.} Nf6 11. Qg3 Nh5 12. Qf3 Nf6 13. b4 Be7 14. O-O O-O 15. Bf4 e5 $146 (15... Nd7 16. Nb3 Rc8 17. Rfe1 Bg5 18. Bd6 Be7 19. Bg3 Bh4 20. Bxc6 bxc6 21. Nd4 Bxg3 22. Qxg3 Qc7 23. Qe3 Rce8 {1-0 Azarov,S (2556)-Mills,J (2078) Dayton Wright Brothers op 5th 2017 (2)}) 16. Bg3 e4 17. Qe2 Re8 18. f3 Bf8 19. fxe4 Nxe4 20. Nxe4 Rxe4 21. Qf3 Qe7 22. Rad1 Rd8 23. Rfe1 Re8 24. Rxe4 dxe4 25. Qe3 f5 26. Bc4+ Kh8 27. Rd5 Qf6 28. h4 Ne5 29. Be2 g6 30. b5 Bg7 31. c4 Ng4 32. Bxg4 fxg4 33. Kh2 h5 34. Rd6 Qf5 35. c6 Be5 36. Qh6+ Kg8 37. Rxg6+ Kf7 38. Qh7+ Kf8 39. Rg8# 1-0

[Event "4NCL Easter op Blitz"]
[Site "Daventry ENG"]
[Date "2026.04.04"]
[Round "5"]
[White "Brewer, Callum D"]
[Black "Golubka, Petro"]
[Result "1/2-1/2"]
[WhiteElo "2037"]
[BlackElo "2455"]
[WhiteFideId "-1"]
[BlackFideId "-1"]
[PlyCount "67"]
[GameId "2295299916312576"]
[EventDate "2026.04.04"]
[EventType "swiss (blitz)"]
[EventRounds "9"]
[EventCountry "ENG"]
[SourceTitle "Mega2026 Update 23"]
[Source "Chessbase"]
[SourceDate "2026.04.09"]
[SourceVersion "1"]
[SourceVersionDate "2026.04.09"]
[SourceQuality "1"]

1. e4 c6 2. d4 d5 3. f3 e6 4. Nc3 Bb4 5. Bd2 Ne7 6. a3 Ba5 7. Bd3 Nd7 8. f4 Bxc3 9. Bxc3 dxe4 10. Bxe4 Nd5 11. Bd2 N7f6 12. Bd3 b6 13. Nf3 Bb7 14. Ne5 Ne7 15. c3 h5 16. Qc2 g6 17. O-O-O Qc7 18. Rde1 Rf8 19. f5 gxf5 20. Rhf1 O-O-O 21. Bh6 c5 22. Bxf8 Rxf8 23. dxc5 Qxc5 24. g3 Ne4 25. Bxe4 Bxe4 26. Rxe4 fxe4 27. Qxe4 Nd5 28. Nxf7 Kb7 29. Qxe6 Ka6 30. Rf5 Qg1+ 31. Kd2 Qxh2+ 32. Kc1 Qg1+ 33. Kd2 Qh2+ 34. Qe2+ 1/2-1/2

[Event "4NCL Easter op Blitz"]
[Site "Daventry ENG"]
[Date "2026.04.04"]
[Round "6"]
[White "Golubka, Petro"]
[Black "Deepak Ambattu, Rithvik"]
[Result "1/2-1/2"]
[WhiteElo "2455"]
[BlackElo "2135"]
[WhiteFideId "-1"]
[BlackFideId "-1"]
[PlyCount "100"]
[GameId "2295303477305344"]
[EventDate "2026.04.04"]
[EventType "swiss (blitz)"]
[EventRounds "9"]
[EventCountry "ENG"]
[SourceTitle "Mega2026 Update 23"]
[Source "Chessbase"]
[SourceDate "2026.04.09"]
[SourceVersion "1"]
[SourceVersionDate "2026.04.09"]
[SourceQuality "1"]

1. e4 c5 2. b3 Nc6 3. Bb2 d6 4. Bb5 Nf6 5. Nc3 Bd7 6. f4 a6 7. Bxc6 Bxc6 8. Qe2 g6 9. Nf3 Bg7 10. d3 Qc7 11. O-O O-O 12. Kh1 b5 13. Rae1 a5 14. a4 bxa4 15. Nxa4 Bxa4 16. bxa4 Rab8 17. Bc3 Nd7 18. e5 d5 19. Qd2 Ra8 20. e6 d4 21. Bxa5 Rxa5 22. exd7 Rxa4 23. Rxe7 Bf6 24. Re8 Qxd7 25. Rxf8+ Kxf8 26. Qd1 Ra8 27. Nd2 Be7 28. f5 gxf5 29. Qh5 Kg7 30. Nc4 Qe6 31. Qd1 Bg5 32. Re1 Qf6 33. Qf3 Ra2 34. Qg3 Kh6 35. Nd6 f4 36. Qh3+ Kg6 37. Ne4 Qf5 38. Qf3 Rxc2 39. Rf1 c4 40. dxc4 Ra2 41. c5 Rc2 42. Nd6 Qxc5 43. Qe4+ Kg7 44. Nf5+ Kf6 45. Nxd4 Rc4 46. Rd1 h6 47. Qd3 Qd5 48. h3 Rc5 49. Nf3 Qxd3 50. Rxd3 Rc1+ 1/2-1/2

[Event "4NCL Easter op Blitz"]
[Site "Daventry ENG"]
[Date "2026.04.04"]
[Round "7"]
[White "Zwardon, Vojtech"]
[Black "Golubka, Petro"]
[Result "1/2-1/2"]
[WhiteElo "2410"]
[BlackElo "2455"]
[WhiteFideId "-1"]
[BlackFideId "-1"]
[PlyCount "38"]
[GameId "2295307654864896"]
[EventDate "2026.04.04"]
[EventType "swiss (blitz)"]
[EventRounds "9"]
[EventCountry "ENG"]
[SourceTitle "Mega2026 Update 23"]
[Source "Chessbase"]
[SourceDate "2026.04.09"]
[SourceVersion "1"]
[SourceVersionDate "2026.04.09"]
[SourceQuality "1"]

1. c4 e5 2. g3 Nf6 3. Bg2 c6 4. Nf3 e4 5. Nd4 d5 6. cxd5 Qxd5 7. e3 Bc5 8. Nc3 Qe5 9. d3 exd3 10. Qxd3 O-O 11. O-O Na6 12. a3 Re8 13. b4 Bxd4 14. exd4 Qh5 15. Bf4 Bh3 16. Bxh3 Qxh3 17. f3 Nh5 18. Qd2 Nxf4 19. Qxf4 Qd7 1/2-1/2

[Event "4NCL Easter op Blitz"]
[Site "Daventry ENG"]
[Date "2026.04.04"]
[Round "8"]
[White "Golubka, Petro"]
[Black "Wong, Chun Hei"]
[Result "1-0"]
[WhiteElo "2455"]
[BlackElo "1672"]
[WhiteFideId "-1"]
[BlackFideId "-1"]
[PlyCount "47"]
[GameId "2295311576567808"]
[EventDate "2026.04.04"]
[EventType "swiss (blitz)"]
[EventRounds "9"]
[EventCountry "ENG"]
[SourceTitle "Mega2026 Update 23"]
[Source "Chessbase"]
[SourceDate "2026.04.09"]
[SourceVersion "1"]
[SourceVersionDate "2026.04.09"]
[SourceQuality "1"]

1. e4 c5 2. b3 Nc6 3. Bb2 Nf6 4. e5 Nd5 5. Bc4 Nb6 6. Bb5 Qc7 7. f4 d5 8. exd6 Qxd6 9. Qf3 Bd7 10. Na3 a6 11. Bd3 Nb4 12. Be4 Bc6 13. Bxc6+ Nxc6 14. Ne2 O-O-O 15. O-O-O Nd4 16. Nxd4 cxd4 17. c4 e6 18. Kb1 Be7 19. c5 Qd5 20. cxb6 Qf5+ 21. Ka1 d3 22. Nc4 Bf6 23. Ne5 Kb8 24. g4 1-0

[Event "4NCL Easter op Blitz"]
[Site "Daventry ENG"]
[Date "2026.04.04"]
[Round "9"]
[White "Gumularz, Szymon"]
[Black "Golubka, Petro"]
[Result "1/2-1/2"]
[WhiteElo "2538"]
[BlackElo "2455"]
[WhiteFideId "-1"]
[BlackFideId "-1"]
[PlyCount "76"]
[GameId "2294784339988480"]
[EventDate "2026.04.04"]
[EventType "swiss (blitz)"]
[EventRounds "9"]
[EventCountry "ENG"]
[SourceTitle "Mega2026 Update 23"]
[Source "Chessbase"]
[SourceDate "2026.04.09"]
[SourceVersion "1"]
[SourceVersionDate "2026.04.09"]
[SourceQuality "1"]

1. d4 Nf6 2. c4 e6 3. Nf3 d5 4. g3 Be7 5. Bg2 O-O 6. Nc3 c6 7. O-O b6 8. Ne5 Bb7 9. e4 dxc4 10. Nxc4 b5 11. Ne3 {11.Ne5 is vanishing. 11.Se5 scheint zu verschwinden.} b4 12. Na4 Nbd7 13. b3 c5 $146 (13... Nb6 14. Nc5 Bxc5 15. dxc5 Qxd1 16. Rxd1 Nbd7 17. Nc4 Nxc5 18. f3 Ba6 19. Ne5 Bb5 {1-0 Janik,I (2513)-Cvek,R (2437) CZE-chT 2425 Czech Republic 2024 (3.4)}) 14. d5 Nb6 15. Nxb6 axb6 16. Bb2 exd5 17. exd5 Ne8 18. d6 Nxd6 19. Bxb7 Nxb7 20. Qg4 Bf6 21. Rad1 Bxb2 22. Rxd8 Raxd8 23. Rd1 Nd6 24. Nd5 Bd4 25. Ne7+ Kh8 26. Nc6 Nb5 27. Nxd8 Rxd8 28. Re1 g6 29. Re7 Kg8 30. Rd7 Rxd7 31. Qxd7 Nc3 32. Qd8+ Kg7 33. Qxb6 Nxa2 34. Qc6 Nc3 35. Kg2 Nd1 36. f4 h5 37. Kf3 Ne3 38. h3 f5 1/2-1/2